[Event "North Sydney Ford Memorial"]
[Site "Sydney"]
[Date "2006.09.26"]
[Round "4"]
[White "Nikolaou, Chris"]
[Black "Escribano, Jose"]
[Result "0-1"]
[WhiteElo "1651"]
[BlackElo "1634"]
[PlyCount "94"]
[EventDate "2006.08.15"]
[EventType "swiss"]
[EventRounds "9"]
[EventCountry "AUS"]
[SourceTitle "EXT 2010"]
[Source "ChessBase"]
[SourceDate "2010.11.25"]
[SourceVersion "1"]
[SourceVersionDate "2010.11.25"]
[SourceQuality "1"]

1. e4 c5 2. Nc3 Nc6 3. f4 g6 4. Nf3 Bg7 5. Bc4 e6 6. 0-0 Nge7 7. Bb3 Nd4 8. Nxd4 cxd4 9. Ne2 Qb6 10. d3 d5 11. Ba4+ Nc6 12. exd5 exd5 13. Ng3 0-0 14. f5 Ne7 15. fxg6 fxg6 16. Bb3 Rxf1+ 17. Qxf1 Be6 18. Bg5 Rf8 19. Qe2 Nf5 20. Nxf5 Rxf5 21. Re1 Re5 22. Qd2 Rxe1+ 23. Qxe1 Qd6 24. Bf4 Qd7 25. Be5 Bxe5 26. Qxe5 Qf7 27. Qxd4 b6 28. c4 Qc7 29. Qe3 Qd6 30. Qd4 Qb4 31. Qe5 Bf7 32. Qe2 Qc5+ 33. Qf2 d4 34. Qe2 b5 35. Qc2 Qe5 36. Qd2 bxc4 37. Bxc4 Bxc4 38. dxc4 Qe4 39. h3 d3 40. c5 Qd4+ 41. Kh1 Qe4 42. Kg1 Qd4+ 43. Kf1 Qf6+ 44. Ke1 Qd4 45. Qf2 Qc4 46. Qd2 Qh4+ 47. Qf2 d2+ 0-1

[Event "IECG C3.2000.0.00163"]
[Site "IECG email"]
[Date "2000.11.16"]
[Round "?"]
[White "Urquiza, Jose Javier"]
[Black "Nikolaou, Chris"]
[Result "1-0"]
[WhiteElo "1205"]
[BlackElo "1325"]
[PlyCount "25"]
[EventDate "2000.11.16"]
[EventType "tourn (corr)"]
[EventRounds "6"]
[SourceTitle "Corr 2008"]
[Source "ChessBase"]
[SourceDate "2008.06.24"]
[SourceVersion "1"]
[SourceVersionDate "2008.06.24"]
[SourceQuality "1"]

1. e4 e5 2. Nf3 Nc6 3. Bb5 Nd4 4. Ba4 Nxf3+ 5. Qxf3 c6 6. Nc3 Nf6 7. 0-0 b5 8. Bb3 d6 9. d3 Be7 10. h3 0-0 11. Ne2 a5 12. a4 b4 13. Be3 1-0

[Event "IECG CP.1999.P.00040"]
[Site "IECG email"]
[Date "1999.10.01"]
[Round "?"]
[White "Valeinis, Janis"]
[Black "Nikolaou, Chris"]
[Result "1-0"]
[WhiteElo "2245"]
[BlackElo "1000"]
[PlyCount "79"]
[EventDate "1999.10.01"]
[EventType "tourn (corr)"]
[EventRounds "6"]
[EventCountry "LAT"]
[SourceTitle "Corr 2008"]
[Source "ChessBase"]
[SourceDate "2008.06.24"]
[SourceVersion "1"]
[SourceVersionDate "2008.06.24"]
[SourceQuality "1"]

1. d4 Nf6 2. c4 g6 3. g3 d5 4. cxd5 Bg7 5. Bg2 Nxd5 6. Nf3 0-0 7. 0-0 Nb6 8. Nc3 Nc6 9. d5 Na5 10. Qc2 Nac4 11. Rd1 Bg4 12. Bf4 Qd7 13. b3 Nd6 14. Ne5 Qf5 15. Rac1 Qxc2 16. Rxc2 Bh5 17. Nf3 Rac8 18. Nd4 Rfd8 19. h3 f5 20. Ne6 Rd7 21. Rdd2 Bf6 22. Bxd6 exd6 23. Nb5 a6 24. Nbxc7 g5 25. a4 Re7 26. e3 Nd7 27. f4 g4 28. Rc1 Bf7 29. Rdc2 Nc5 30. Nxa6 bxa6 31. b4 gxh3 32. Bxh3 Nxe6 33. Rxc8+ Nf8 34. Kf2 Bxd5 35. Bxf5 Bb3 36. R1c6 Ra7 37. a5 Ba4 38. Be6+ Kg7 39. R6c7+ Rxc7 40. Rxc7+ 1-0

[Event "IECG C3.1999.0.00116"]
[Site "IECG email"]
[Date "1999.09.14"]
[Round "?"]
[White "Fiorini, Vittorio"]
[Black "Nikolaou, Chris"]
[Result "0-1"]
[WhiteElo "1004"]
[BlackElo "1000"]
[PlyCount "34"]
[EventDate "1999.09.14"]
[EventType "tourn (corr)"]
[EventRounds "6"]
[SourceTitle "Corr 2008"]
[Source "ChessBase"]
[SourceDate "2008.06.24"]
[SourceVersion "1"]
[SourceVersionDate "2008.06.24"]
[SourceQuality "1"]

1. d4 Nf6 2. c4 e6 3. Nc3 Bb4 4. e3 0-0 5. Bd3 d5 6. Nge2 dxc4 7. Bxc4 c5 8. 0-0 Nc6 9. dxc5 Bxc5 10. a3 Ne5 11. Ba2 Qc7 12. b4 Nfg4 13. Ng3 Bxe3 14. Bb2 Rd8 15. Qb3 Bxf2+ 16. Rxf2 Nxf2 17. Kxf2 Nd3+ 0-1